Loading...
| Science - Physics | 0 | 3 | 1 | 1 | 25 | 77 | 95.00 | 0 | 0 | 4.48 | 10.23 |
| Science - Chemistry | 0 | 3 | 1 | 2 | 25 | 87 | 109.00 | 0 | 0 | 2.73 | 9.09 |
| Fine Arts - Visual | 0 | 3 | 2 | 0 | 20 | 59 | 89.00 | 1 | 2 | 10.12 | 19.32 |
| Social Science | 0 | 2 | 0 | 1 | 20 | 98 | 99.50 | 1 | 2 | 2.52 | 12.50 |
| Science - Biology | 0 | 2 | 1 | 1 | 15 | 114 | 121.00 | 0 | 0 | 0.00 | 2.27 |
| Pop Culture | 0 | 1 | 0 | 0 | 10 | 57 | 57.00 | 0 | 0 | 19.05 | 20.83 |
| Fine Arts - Other | 0 | 1 | 0 | 0 | 10 | 120 | 120.00 | 0 | 0 | 1.82 | 5.68 |
| History - American | 0 | 1 | 0 | 0 | 10 | 54 | 54.00 | 1 | 1 | 4.82 | 7.95 |
| Literature - World/Other | 0 | 1 | 0 | 0 | 10 | 103 | 103.00 | 0 | 0 | 2.63 | 4.55 |
| Other Academic | 0 | 0 | 1 | 0 | -5 | 0.00 | 0 | 0 | 0.00 | 0.00 | |
| Fine Arts - Classical Music | 0 | 0 | 1 | 0 | -5 | 0.00 | 0 | 0 | 0.00 | 0.00 |